<?xml version="1.0" encoding="UTF-8"?>
<collection xmlns="http://www.loc.gov/MARC21/slim">
 <record>
  <leader>01710nam a2200277 a 4500</leader>
  <controlfield tag="001">1/38572</controlfield>
  <controlfield tag="008">091020s2007    paua     b    001 0 eng  </controlfield>
  <datafield tag="020" ind1=" " ind2=" ">
   <subfield code="a">9781599041346 (ebook)</subfield>
  </datafield>
  <datafield tag="035" ind1=" " ind2=" ">
   <subfield code="l">41216</subfield>
  </datafield>
  <datafield tag="040" ind1=" " ind2=" ">
   <subfield code="a">GR-PeUP</subfield>
  </datafield>
  <datafield tag="041" ind1="0" ind2=" ">
   <subfield code="a">eng</subfield>
  </datafield>
  <datafield tag="245" ind1="0" ind2="0">
   <subfield code="a">Advances in audio and speech signal processing</subfield>
   <subfield code="h">[electronic resource] :</subfield>
   <subfield code="b">technologies and applications /</subfield>
   <subfield code="c">Hector Perez-Meana [editor].</subfield>
  </datafield>
  <datafield tag="260" ind1=" " ind2=" ">
   <subfield code="a">Hershey, PA :</subfield>
   <subfield code="b">Idea Group Pub.,</subfield>
   <subfield code="c">c2007.</subfield>
  </datafield>
  <datafield tag="300" ind1=" " ind2=" ">
   <subfield code="a">Ένα html e-book.</subfield>
  </datafield>
  <datafield tag="520" ind1=" " ind2=" ">
   <subfield code="a">&quot;This book provides a comprehensive approach of signal processing tools regarding the enhancement, recognition, and protection of speech and audio signals. It offers researchers and practitioners the information they need to develop and implement efficient signal processing algorithms in the enhancement field&quot;--Provided by publisher.</subfield>
  </datafield>
  <datafield tag="533" ind1=" " ind2=" ">
   <subfield code="a">Ηλεκτρονικό βιβλίο</subfield>
   <subfield code="e">Τρόπος πρόσβασης μέσω διαδικτύου.</subfield>
  </datafield>
  <datafield tag="650" ind1=" " ind2="4">
   <subfield code="a">Sound</subfield>
   <subfield code="x">Recording and reproducing.</subfield>
  </datafield>
  <datafield tag="650" ind1=" " ind2="4">
   <subfield code="a">Signal processing</subfield>
   <subfield code="x">Digital techniques.</subfield>
  </datafield>
  <datafield tag="650" ind1=" " ind2="4">
   <subfield code="a">Speech processing systems.</subfield>
  </datafield>
  <datafield tag="655" ind1=" " ind2="4">
   <subfield code="a">Electronic books.</subfield>
  </datafield>
  <datafield tag="700" ind1="1" ind2=" ">
   <subfield code="a">Perez-Meana, Hector,</subfield>
   <subfield code="d">1954-</subfield>
  </datafield>
  <datafield tag="852" ind1=" " ind2=" ">
   <subfield code="a">INST</subfield>
   <subfield code="b">UNIPILB</subfield>
   <subfield code="c">EBOOKS</subfield>
   <subfield code="e">20100310</subfield>
   <subfield code="p">00b41216</subfield>
   <subfield code="q">00b41216</subfield>
   <subfield code="t">ONLINE</subfield>
   <subfield code="y">0</subfield>
  </datafield>
  <datafield tag="856" ind1="4" ind2="1">
   <subfield code="3">Πίνακας περιεχομένων</subfield>
   <subfield code="u">http://www.loc.gov/catdir/toc/ecip072/2006033759.html</subfield>
  </datafield>
  <datafield tag="856" ind1="4" ind2="0">
   <subfield code="u">http://go.galegroup.com/ps/aboutEbook.do?actionString=DO_DISPLAY_ABOUT_PAGE&amp;inPS=true&amp;prodId=GVRL&amp;userGroupName=upir&amp;searchType=BasicSearchForm&amp;docId=GALE%7C9781599041346&amp;contentSegment=9781599041346</subfield>
  </datafield>
  <datafield tag="856" ind1="4" ind2="0">
   <subfield code="u">http://go.galegroup.com/ps/start.do?p=GVRL&amp;u=upir&amp;authCount=1</subfield>
  </datafield>
  <datafield tag="856" ind1="4" ind2=" ">
   <subfield code="d">/webopac/covers/02/41216_9781599041346.jpg</subfield>
   <subfield code="z">(ebook)</subfield>
  </datafield>
 </record>
</collection>
